<?xml version="1.0" encoding="UTF-8"?>
<record
    xmlns:xsi="http://www.w3.org/2001/XMLSchema-instance"
    xsi:schemaLocation="http://www.loc.gov/MARC21/slim http://www.loc.gov/standards/marcxml/schema/MARC21slim.xsd"
    xmlns="http://www.loc.gov/MARC21/slim">

  <leader>01145nam a2200337 a 4500</leader>
  <controlfield tag="001">rea00042675 </controlfield>
  <controlfield tag="005">20190703235631.0</controlfield>
  <controlfield tag="007">ta|||</controlfield>
  <controlfield tag="008">110720s2010    nju    e      001 0 eng d</controlfield>
  <datafield tag="020" ind1=" " ind2=" ">
    <subfield code="a">9780470418918</subfield>
  </datafield>
  <datafield tag="035" ind1=" " ind2=" ">
    <subfield code="z">NO CTRL</subfield>
  </datafield>
  <datafield tag="039" ind1=" " ind2=" ">
    <subfield code="a">42248</subfield>
    <subfield code="c">TLC</subfield>
  </datafield>
  <datafield tag="100" ind1="1" ind2=" ">
    <subfield code="a">Kieso, Donald E.</subfield>
  </datafield>
  <datafield tag="245" ind1="1" ind2="0">
    <subfield code="a">Intermediate accounting :</subfield>
    <subfield code="b">International student version</subfield>
    <subfield code="c">Donald E. Kieso, Jerry J. Weygandt, Terry D. Warfield.</subfield>
  </datafield>
  <datafield tag="250" ind1=" " ind2=" ">
    <subfield code="a">13th ed.</subfield>
  </datafield>
  <datafield tag="260" ind1=" " ind2=" ">
    <subfield code="a">Hoboken, NJ. :</subfield>
    <subfield code="b">Wiley,</subfield>
    <subfield code="c">c2010.</subfield>
  </datafield>
  <datafield tag="300" ind1=" " ind2=" ">
    <subfield code="a">xxxii, 1379 p. :</subfield>
    <subfield code="b">Col., ill. ;</subfield>
    <subfield code="c">27 cm.</subfield>
  </datafield>
  <datafield tag="500" ind1=" " ind2=" ">
    <subfield code="a">An accompanying material guide available at the reserve desk.</subfield>
  </datafield>
  <datafield tag="504" ind1=" " ind2=" ">
    <subfield code="a">Includes index.</subfield>
  </datafield>
  <datafield tag="506" ind1=" " ind2=" ">
    <subfield code="a">Open Access.</subfield>
  </datafield>
  <datafield tag="650" ind1=" " ind2="0">
    <subfield code="a">Accounting.</subfield>
  </datafield>
  <datafield tag="700" ind1="1" ind2=" ">
    <subfield code="a">Weigandt, Jerry J.</subfield>
  </datafield>
  <datafield tag="700" ind1="1" ind2=" ">
    <subfield code="a">Warfield, Terry D.</subfield>
  </datafield>
  <datafield tag="949" ind1=" " ind2=" ">
    <subfield code="a">BMAIN</subfield>
    <subfield code="c">HF5635</subfield>
    <subfield code="d">.K5 2010 c.1</subfield>
    <subfield code="g">78174</subfield>
    <subfield code="5">N</subfield>
  </datafield>
  <datafield tag="949" ind1=" " ind2=" ">
    <subfield code="a">BMAIN</subfield>
    <subfield code="c">HF5635</subfield>
    <subfield code="d">.K5 2010 c.2</subfield>
    <subfield code="g">78175</subfield>
    <subfield code="5">N</subfield>
  </datafield>
  <datafield tag="949" ind1=" " ind2=" ">
    <subfield code="a">NMAIN</subfield>
    <subfield code="c">HF5635</subfield>
    <subfield code="d">.K5 2010 C.3</subfield>
    <subfield code="g">78176</subfield>
    <subfield code="5">N</subfield>
  </datafield>
  <datafield tag="961" ind1=" " ind2=" ">
    <subfield code="t">1</subfield>
  </datafield>
  <datafield tag="999" ind1=" " ind2=" ">
    <subfield code="c">15836</subfield>
    <subfield code="d">15836</subfield>
  </datafield>
  <datafield tag="952" ind1=" " ind2=" ">
    <subfield code="0">0</subfield>
    <subfield code="1">0</subfield>
    <subfield code="2">lcc</subfield>
    <subfield code="4">0</subfield>
    <subfield code="7">0</subfield>
    <subfield code="a">UEAB</subfield>
    <subfield code="b">MCL</subfield>
    <subfield code="c">MS</subfield>
    <subfield code="d">2019-06-18</subfield>
    <subfield code="l">8</subfield>
    <subfield code="o">HF 5635 .K5 2010 c.1</subfield>
    <subfield code="p">78174</subfield>
    <subfield code="r">2023-10-31 00:00:00</subfield>
    <subfield code="s">2023-10-17</subfield>
    <subfield code="t">1</subfield>
    <subfield code="w">2019-06-18</subfield>
    <subfield code="y">BK</subfield>
  </datafield>
  <datafield tag="952" ind1=" " ind2=" ">
    <subfield code="0">0</subfield>
    <subfield code="1">0</subfield>
    <subfield code="2">lcc</subfield>
    <subfield code="4">0</subfield>
    <subfield code="7">0</subfield>
    <subfield code="a">UEAB</subfield>
    <subfield code="b">MCL</subfield>
    <subfield code="c">MS</subfield>
    <subfield code="d">2019-06-18</subfield>
    <subfield code="l">5</subfield>
    <subfield code="m">1</subfield>
    <subfield code="o">HF 5635 .K5 2010 c.2</subfield>
    <subfield code="p">78175</subfield>
    <subfield code="r">2023-10-23 00:00:00</subfield>
    <subfield code="s">2023-10-09</subfield>
    <subfield code="t">2</subfield>
    <subfield code="w">2019-06-18</subfield>
    <subfield code="y">BK</subfield>
  </datafield>
  <datafield tag="952" ind1=" " ind2=" ">
    <subfield code="0">0</subfield>
    <subfield code="1">0</subfield>
    <subfield code="2">lcc</subfield>
    <subfield code="4">0</subfield>
    <subfield code="7">0</subfield>
    <subfield code="a">UEAB</subfield>
    <subfield code="b">MCL</subfield>
    <subfield code="c">MS</subfield>
    <subfield code="d">2019-06-18</subfield>
    <subfield code="l">6</subfield>
    <subfield code="o">HF 5635 .K5 2010 c.3</subfield>
    <subfield code="p">78176</subfield>
    <subfield code="r">2023-09-13 00:00:00</subfield>
    <subfield code="s">2023-04-06</subfield>
    <subfield code="t">3</subfield>
    <subfield code="w">2019-06-18</subfield>
    <subfield code="y">BK</subfield>
  </datafield>
</record>
